| 000 | 00772nam a22002057a 4500 | ||
|---|---|---|---|
| 003 | 0 | ||
| 005 | 20250923091123.0 | ||
| 008 | 250923b xxu||||| |||| 00| 0 eng d | ||
| 020 | _a978-1-77956-410-8 | ||
| 050 |
_aHB 615 _b.E58 2025 |
||
| 245 |
_aEntrepreneurial challenges and opportunities in emerging markets / _cedited by Venkatesh C Pande. |
||
| 260 |
_aCanada : _bSociety Publishing, _c2025. |
||
| 300 |
_axviii, 409 pages : _billustrations ; _c24 cm. |
||
| 504 | _aIncludes bibliographical references and index. | ||
| 650 |
_aEntrepreneurship _xDeveloping countries. |
||
| 650 |
_aNew business enterprises _xDeveloping countries. |
||
| 650 |
_aStrategic planning _xDeveloping countries. |
||
| 650 |
_aEconomic development _xDeveloping countries. |
||
| 942 |
_2lcc _cBK |
||
| 999 |
_c368062 _d368062 |
||